000 00747cam a22002413a 4500
001 23488
003 PGUSA
005 20140828083512.0
008 071115s2007||||xxu|||||s|||||000 | eng d
040 _aPGUSA
_beng
042 _adc
050 4 _aDA
100 1 _aThomson, J. Pringle
_q(James Pringle),
_d1889-1916
245 1 4 _aThe Jacobite Rebellions (1689-1746) :
_b(Bell's Scottish History Source Books.)
_h[electronic resource] /
_cJ. Pringle Thomson
260 _bProject Gutenberg,
_c2007
506 _aPublic domain in the USA.
516 _aElectronic text
653 _aScotland -- History -- Sources
653 _aJacobites
830 0 _aProject Gutenberg
_v23488
856 4 0 _uhttp://www.gutenberg.org/ebooks/23488
942 _cEB
999 _c252743
_d252743